000 00343cam a2200145ua 4500
041 _ahin
_h
082 _a891.54
_bGAN/ME
100 _aGandhiji, .
245 _aMerasamjvad /
_cGandhiji.
_hTextual Documents
260 _a :
_bNavajivan publishing house ,
_c1951.
300 _a60 ; .
504 _a
942 _cBK
999 _c11938
_d11938